La inmigración italiana a Mar del Plata (Registro nro. 22719)

Detalles MARC
000 -LEADER
fixed length control field 00351 a2200121 4500
001 - CONTROL NUMBER
control field ART_6213
005 - DATE AND TIME OF LATEST TRANSACTION
control field 20260410161825.0
008 - FIXED-LENGTH DATA ELEMENTS--GENERAL INFORMATION
fixed length control field 260409a
100 1# - MAIN ENTRY--PERSONAL NAME
Personal name Khatchikian, Miguel
245 10 - TITLE STATEMENT
Title La inmigración italiana a Mar del Plata
700 1# - ADDED ENTRY--PERSONAL NAME
Personal name Murray, María Cristina
773 0# - HOST ITEM ENTRY
Title FACES
Related parts - Año 2, Nº 3 (dic. 1996)
Record control number REV5046

No hay ítems disponibles.